Statistics for French Basics

Click here to take the quiz!

General Stats

  • This quiz has been taken 753 times
    (718 since last reset)
  • The average score is 31 of 49

Answer Stats

HintAnswer% Correct
I amJe suis
95%
Where
89%
NoNon
87%
YesOui
86%
She isElle est
84%
He isIl est
84%
You areTu es
84%
One (m.)Un
84%
The (f.)La
82%
The (m.)Le
82%
Thank youMerci
82%
One (f.)Une
80%
I haveJ'ai
79%
The (pl.)Les
78%
She hasElle a
75%
He hasIl a
75%
We haveNous avons
73%
We areNous sommes
73%
You haveTu as
73%
They are (m.)Ils sont
69%
They are (f.)Elles sont
68%
You have (pl.)Vous avez
68%
Please (formal)S'il vous plaît
67%
They have (m.)Ils ont
65%
What (general)Que
65%
WhoQui
65%
You are (pl.)Vous êtes
64%
They have (f.)Elles ont
63%
Possession for noun (m.)De
59%
WhenQuand
58%
She goesElle va
57%
He goesIl va
57%
I goJe vais
57%
You goTu vas
55%
To the, at theAu, à la
54%
WhyPourquoi
53%
HowComment
51%
We goNous allons
51%
NotPas
50%
You go (pl.)Vous allez
47%
There isIl y a
46%
You're welcomeDe rien
44%
Possession for noun (pl.)Des
44%
They go (f.)Elles vont
42%
They go (m.)Ils vont
42%
To the, at the (pl.)Aux
39%
Please (casual)S'il te plaît
37%
Possession for noun (f.)De la
30%
There was, wereIl y avait
23%

Score Distribution

Percentile by Number Answered

Percent of People with Each Score

Your Score History

You have not taken this quiz since the last reset